La academia de leyes y la práctica forense.
Gardado en:
| Autor Principal: | |
|---|---|
| Formato: | Libro |
| Idioma: | Lingua castelá |
| Publicado: |
Santiago, Chile
Jurídica de Chile
1957
|
| Series: | Colección de Seminarios e Institutos.
4 |
| Subjects: | |
| Tags: |
Engadir etiqueta
Sen Etiquetas, Sexa o primeiro en etiquetar este rexistro!
|
MARC
| LEADER | 00000nam a2200000 a 4500 | ||
|---|---|---|---|
| 001 | UCS3307 | ||
| 003 | CL-VaPUC | ||
| 005 | 20210923074617.0 | ||
| 008 | 970620e19570000CL |||||||||||||||||spa|d | ||
| 999 | |c 261048 |d 261046 | ||
| 040 | |c Pontificia Universidad Católica de Valparaíso | ||
| 082 | 0 | 4 | |a 340.09 ESP 1957 |2 21 |
| 100 | 0 | |a Espinosa Quiroga, Hernán |9 389321 | |
| 245 | 1 | 3 | |a La academia de leyes y la práctica forense. |
| 260 | 0 | 3 | |a Santiago, Chile |b Jurídica de Chile |c 1957 |
| 300 | |a 164 páginas. | ||
| 490 | 0 | |a Colección de Seminarios e Institutos. |v 4 | |
| 583 | |a last modification |c 20170824 09:51:15 |k Rodrigo Vera | ||
| 650 | 7 | |a DERECHO |2 CL-VaPUC |9 389322 | |
| 650 | 0 | |a Jurisprudencia |9 255952 | |
| 650 | 0 | |a Educación superior |9 223851 | |
| 650 | 0 | |a Ciencias Políticas |9 255201 | |
| 650 | 0 | |a Abogados |9 256284 | |
| 650 | 0 | |a Práctica forense |9 256375 | |
| 650 | 0 | |a Formación profesional |9 257232 | |
| 942 | |c BK |2 ddc | ||
| 945 | |d 19970620 00:00:00 |a lriquelm | ||
| 952 | |0 0 |1 0 |2 ddc |4 0 |6 340_090000000000000_ESP_1957 |7 0 |8 A |9 287822 |a BIBDER |b BIBDER |d 2019-11-19 |i 1859099 |o 340.09 ESP 1957 |p 1859099 |r 2023-01-25 |t 3 |w 2019-11-19 |y BK |k DER | ||
| 952 | |0 0 |1 0 |2 ddc |4 0 |6 340_090000000000000_ESP_1957 |7 0 |8 DER_HDC |9 287823 |a BIBDER |b BIBDER |d 2019-11-19 |i 188834K |o 340.09 ESP 1957 |p 188834K |r 2023-01-25 |t 4 |w 2019-11-19 |x Ubicación 4to Piso |y BK |z Estos recursos deben solicitarse con anticipación |k DER | ||